| 000 -CABECERA |
| Longitud fija campo de control |
00766nam a2200205 a 4500 |
| 001 - NÚMERO DE CONTROL |
| Número de control |
1097 |
| 003 - IDENTIFICADOR DEL NÚMERO DE CONTROL |
| Identificador del número de control |
CDMR |
| 005 - FECHA Y HORA DE LA ÚLTIMA TRANSACCIÓN |
| Fecha y hora de la última transacción |
20211213121545.0 |
| 008 - CÓDIGOS DE INFORMACIÓN DE LONGITUD FIJA |
| Códigos de información de longitud fija |
130130s1985||||||||||||||||||||||||||||d |
| 040 ## - FUENTE DE LA CATALOGACIÓN |
| Centro catalogador de origen |
CDMR |
| Lengua de catalogación |
cat |
| Centro transcriptor |
CDMR |
| 100 1# - PUNTO DE ACCESO PRINCIPAL-NOMBRE DE PERSONA |
| Nombre de persona |
Bethencourt Machado, Tomás |
| 9 (RLIN) |
866 |
| 245 13 - MENCIÓN DE TÍTULO |
| Título |
El teletexto y el videotexto |
| Resto del título |
: V Convención Internacional de Televisión y Educación |
| Mención de responsabilidad, etc. |
Tomás Bethencourt Machado |
| 260 ## - PUBLICACIÓN, DISTRIBUCIÓN, ETC. (PIE DE IMPRENTA) |
| Lugar de publicación, distribución, etc. |
[Barcelona] |
| Fecha de publicación, distribución, etc. |
1985 |
| Nombre del editor, distribuidor, etc. |
Instituto Oficial de Radio y Televisión |
| 300 ## - DESCRIPCIÓN FÍSICA |
| Extensión |
11 p. |
| Dimensiones |
30 cm |
| 500 ## - NOTA GENERAL |
| Nota general |
Conferència de Tomás Bethencourt Machado a Sonimag, celebrat a Barcelona durant el mes de setembre de 1985 |
| 650 04 - PUNTO DE ACCESO ADICIONAL DE MATERIA - TÉRMINO DE MATERIA |
| 9 (RLIN) |
2084 |
| Término de materia o nombre geográfico como elemento inicial |
Comunicació audiovisual |
| 650 00 - PUNTO DE ACCESO ADICIONAL DE MATERIA - TÉRMINO DE MATERIA |
| 9 (RLIN) |
4760 |
| Término de materia o nombre geográfico como elemento inicial |
Teletext |
| 650 04 - PUNTO DE ACCESO ADICIONAL DE MATERIA - TÉRMINO DE MATERIA |
| 9 (RLIN) |
3364 |
| Término de materia o nombre geográfico como elemento inicial |
Tecnologia de la informació |
| 942 ## - ENTRADA DE ELEMENTOS AGREGADOS (KOHA) |
| Koha [por defecto] tipo de item |
Ponències / Comunicacions |
| Fuente de clasificaión o esquema |
|